000 00588nam a2200193 a 4500
001 3274
003 CO-ViMGA
008 141112s2004 ck r 000 u spa d
040 _aCO-ViMGA
_bspa
_cCO-ViMGA
082 0 4 _a347.06 P657
100 1 _aPontificia Universidad Javeriana
245 1 0 _aApuntes de derecho probatoria /
_cEsguerra Samper Jose María
260 _aSantafé de Bogotá :
_bLa Universidad,
_c199 -
300 _a190 p
490 _aColección Profesores, 6
650 1 4 _aDERECHO PROBATORIO
_952791
650 1 4 _aEsguerra Samper, Jose María
_952792
942 _2ddc
_cBK
999 _c15324
_d15324